That Movie Was a Nightmare! Quiz Stats

 Plays Quiz Updated Oct 30, 2016

Challenge
Share
Tweet
Embed
Score 0/18 Timer 06:00
4 Plays Today
% Correct
Jaws
85.7%
Mad Max: Fury Road
78.9%
Waterworld
78.3%
Apocalypse Now
76.8%
Some Like It Hot
75.5%
Three Kings
74.8%
Raiders of the Lost Ark
66.2%
Goodfellas
65.1%
The Shining
61.4%
% Correct
The Island of Doctor Moreau
57.2%
The Abyss
55.8%
Man of La Mancha
53.9%
The Exorcist
53.4%
American Graffiti
52.9%
The Emperor's New Groove
44.7%
Spartacus
39.2%
Fitzcarraldo
35.9%
Heaven's Gate
35%

You're not logged in!

Compare scores with friends on all Sporcle quizzes.
OR
Log In

You Might Also Like...

Show Comments

Extras

Top Quizzes Today


Score Distribution

Your Account Isn't Verified!

In order to create a playlist on Sporcle, you need to verify the email address you used during registration. Go to your Sporcle Settings to finish the process.

Report this User

Report this user for behavior that violates our Community Guidelines.

Details: